UN Geoschemes - Statistics

General Stats
  • This quiz has been taken 32 times
    26 since last reset
  • The average score is 185 of 196
Answer Stats
Hint Hint Hint Country Answern % Correct
kz 533.0 100.0 Kazakhstan Central Asia
100%
kg 548.0 122.0 Kyrgyzstan Central Asia
100%
tj 545.2 133.5 Tajikistan Central Asia
100%
tm 513.0 130.6 Turkmenistan Central Asia
100%
uz 525 122.5 Uzbekistan Central Asia
100%
cn 615.0 140.9 China Eastern Asia
100%
jp 693.3 140.0 Japan Eastern Asia
100%
mn 614.2 104.1 Mongolia Eastern Asia
100%
kp 665.7 127 North Korea Eastern Asia
100%
kr 669 139 South Korea Eastern Asia
100%
tw 652.9 182.1 Taiwan Eastern Asia
100%
by 443.4 81.2 Belarus Eastern Europe
100%
bg 437.8 117.9 Bulgaria Eastern Europe
100%
cz 414.0 93.8 Czech Republic Eastern Europe
100%
ee 439.0 64.8 Estonia Eastern Europe
100%
hu 424.4 103.1 Hungary Eastern Europe
100%
lv 438.0 70.6 Latvia Eastern Europe
100%
lt 434.3 76.3 Lithuania Eastern Europe
100%
md 444.4 102.0 Moldova Eastern Europe
100%
pl 423.6 87.1 Poland Eastern Europe
100%
ro 436.7 107.1 Romania Eastern Europe
100%
ru 577 52 Russia Eastern Europe
100%
sk 423.0 98.0 Slovakia Eastern Europe
100%
ua 450.6 96.0 Ukraine Eastern Europe
100%
ca 143 66 Canada North America
100%
mx 151.0 182.0 Mexico North America
100%
us 153 129 United States North America
100%
dz 384.2 167.2 Algeria Northern Africa
100%
eg 447.0 171.3 Egypt Northern Africa
100%
ly 419.3 172.9 Libya Northern Africa
100%
ma 366.0 153.5 Morocco Northern Africa
100%
sd 448.5 209.5 Sudan Northern Africa
100%
tn 401 148 Tunisia Northern Africa
100%
dk 401.5 73.5 Denmark Northern Europe
100%
fi 437 52 Finland Northern Europe
100%
is 341 43 Iceland Northern Europe
100%
ie 363.0 82.5 Ireland Northern Europe
100%
no 401.7 57 Norway Northern Europe
100%
se 414.3 60.5 Sweden Northern Europe
100%
gb 377 86 United Kingdom Northern Europe
100%
ar 234.0 373.0 Argentina South America
100%
bo 236.0 319.0 Bolivia South America
100%
br 266 294 Brazil South America
100%
cl 218 384 Chile South America
100%
co 216.3 247.5 Colombia South America
100%
ec 204.0 265.5 Ecuador South America
100%
gy 248 242 Guyana South America
100%
py 248.9 339.7 Paraguay South America
100%
pe 208 292 Peru South America
100%
sr 254.4 248.1 Suriname South America
100%
uy 254.9 370.2 Uruguay South America
100%
ve 232 235 Venezuela South America
100%
bw 435.0 336.1 Botswana Southern Africa
100%
ls 444.0 360.5 Lesotho Southern Africa
100%
na 418 328 Namibia Southern Africa
100%
za 431 365 South Africa Southern Africa
100%
sz 451.3 350.1 Eswatini Southern Africa
100%
af 528.0 149.2 Afghanistan Southern Asia
100%
bd 583.0 181.8 Bangladesh Southern Asia
100%
bt 584.1 169.4 Bhutan Southern Asia
100%
in 556 185.9 India Southern Asia
100%
ir 501.3 152.5 Iran Southern Asia
100%
mv 545.9 248.9 Maldives Southern Asia
100%
np 569.8 166.5 Nepal Southern Asia
100%
pk 535.7 164.2 Pakistan Southern Asia
100%
lk 562 235.3 Sri Lanka Southern Asia
100%
al 425.5 124.0 Albania Southern Europe
100%
ad 384.0 118.7 Andorra Southern Europe
100%
ba 421.0 113.0 Bosnia and Herzegovina Southern Europe
100%
hr 418.0 108.0 Croatia Southern Europe
100%
gr 430 129 Greece Southern Europe
100%
it 416.4 124.2 Italy Southern Europe
100%
xk 427.5 118.5 Kosovo Southern Europe
100%
mk 429.5 121.7 North Macedonia Southern Europe
100%
mt 412.9 141.1 Malta Southern Europe
100%
me 423.7 117.8 Montenegro Southern Europe
100%
pt 361.7 127.6 Portugal Southern Europe
100%
sm 408.5 113.9 San Marino Southern Europe
100%
rs 427.6 113.0 Serbia Southern Europe
100%
si 413.0 106.5 Slovenia Southern Europe
100%
es 372 127.5 Spain Southern Europe
100%
va 408.5 120.7 Vatican City Southern Europe
100%
am 480.5 125.0 Armenia Western Asia
100%
az 487.6 125.0 Azerbaijan Western Asia
100%
bh 494.3 174.0 Bahrain Western Asia
100%
cy 455.3 143.7 Cyprus Western Asia
100%
ge 479 120 Georgia Western Asia
100%
iq 478.8 149.9 Iraq Western Asia
100%
jo 462.3 158.9 Jordan Western Asia
100%
kw 487.0 162.9 Kuwait Western Asia
100%
lb 461.7 146.8 Lebanon Western Asia
100%
om 509.33 187.2 Oman Western Asia
100%
qa 495.7 176.2 Qatar Western Asia
100%
sa 482.1 179.9 Saudi Arabia Western Asia
100%
sy 467.0 143.0 Syria Western Asia
100%
tr 460.3 130.6 Turkey Western Asia
100%
ae 502.0 182.5 United Arab Emirates Western Asia
100%
ye 488.3 208.2 Yemen Western Asia
100%
at 414.2 100.9 Austria Western Europe
100%
be 391.0 91.0 Belgium Western Europe
100%
fr 386 105 France Western Europe
100%
de 404.0 89.9 Germany Western Europe
100%
il 459.0 157.0 Israel Western Europe
100%
li 402.0 103.1 Liechtenstein Western Europe
100%
lu 394.3 94.2 Luxembourg Western Europe
100%
mc 397.2 114.5 Monaco Western Europe
100%
nl 393 86.9 Netherlands Western Europe
100%
ch 398.4 103.5 Switzerland Western Europe
100%
bz 180.9 203.6 Belize Central America
93%
cr 192.0 228.0 Costa Rica Central America
93%
sv 180.4 215.0 El Salvador Central America
93%
gt 177.4 210.0 Guatemala Central America
93%
hn 184.5 210.7 Honduras Central America
93%
ni 188.2 218.1 Nicaragua Central America
93%
pa 198 232.5 Panama Central America
93%
bi 447.8 272.6 Burundi Eastern Africa
93%
km 479.4 301.4 Comoros Eastern Africa
93%
dj 476.4 221.6 Djibouti Eastern Africa
93%
er 466.3 209.2 Eritrea Eastern Africa
93%
et 470.0 234.2 Ethiopia Eastern Africa
93%
ke 465.8 259.9 Kenya Eastern Africa
93%
mg 486.0 324.3 Madagascar Eastern Africa
93%
mw 456.0 307.0 Malawi Eastern Africa
93%
mu 510.1 329.1 Mauritius Eastern Africa
93%
mz 467 309.5 Mozambique Eastern Africa
93%
rw 447.8 267.7 Rwanda Eastern Africa
93%
sc 506.5 276 Seychelles Eastern Africa
93%
so 488 230 Somalia Eastern Africa
93%
ss 449.6 239.5 South Sudan Eastern Africa
93%
tz 459.1 282.5 Tanzania Eastern Africa
93%
ug 453.1 256.6 Uganda Eastern Africa
93%
zm 438 310 Zambia Eastern Africa
93%
zw 447.0 325.0 Zimbabwe Eastern Africa
93%
bn 638.6 246.1 Brunei Southeastern Asia
93%
mm 597.0 188.5 Myanmar Southeastern Asia
93%
kh 616.0 219.1 Cambodia Southeastern Asia
93%
tl 664.3 290.8 East Timor Southeastern Asia
93%
id 635.5 264 Indonesia Southeastern Asia
93%
la 610.3 194.9 Laos Southeastern Asia
93%
my 610.3 247.2 Malaysia Southeastern Asia
93%
ph 657 220.6 Philippines Southeastern Asia
93%
sg 614.2 256.7 Singapore Southeastern Asia
93%
th 608.0 207.9 Thailand Southeastern Asia
93%
vn 624.3 219.9 Vietnam Southeastern Asia
93%
bj 385.7 225.0 Benin Western Africa
93%
bf 377.0 219.0 Burkina Faso Western Africa
93%
cm 407.0 247.0 Cameroon Western Africa
93%
cv 326.7 206.9 Cape Verde Western Africa
93%
ci 368.0 235.9 Ivory Coast Western Africa
93%
gm 344 216 Gambia Western Africa
93%
gh 378.2 234.5 Ghana Western Africa
93%
gn 353.3 224.2 Guinea Western Africa
93%
gw 347.7 220.3 Guinea-Bissau Western Africa
93%
lr 359.2 239.6 Liberia Western Africa
93%
ml 377 202.2 Mali Western Africa
93%
mr 354 195.5 Mauritania Western Africa
93%
ne 403.3 203.9 Niger Western Africa
93%
ng 398.0 230.8 Nigeria Western Africa
93%
sn 347 212 Senegal Western Africa
93%
sl 354.0 232.9 Sierra Leone Western Africa
93%
tg 383.0 232.4 Togo Western Africa
93%
ag 241.4 204.0 Antigua and Barbuda Caribbean
86%
bs 209.0 180.9 Bahamas Caribbean
86%
bb 246.5 217.0 Barbados Caribbean
86%
cu 206.0 190.2 Cuba Caribbean
86%
dm 242.4 209.5 Dominica Caribbean
86%
do 221 197 Dominican Republic Caribbean
86%
gd 241.6 220.6 Grenada Caribbean
86%
ht 218 196 Haiti Caribbean
86%
jm 206 200.2 Jamaica Caribbean
86%
kn 239.4 203.4 Saint Kitts and Nevis Caribbean
86%
lc 243.2 214.6 Saint Lucia Caribbean
86%
vc 242.7 216.8 Saint Vincent and the Grenadines Caribbean
86%
tt 242.5 226.6 Trinidad and Tobago Caribbean
86%
fj 782.9 320.1 Fiji Melanesia
86%
pg 703.7 282.4 Papua New Guinea Melanesia
86%
sb 742.1 295.0 Solomon Islands Melanesia
86%
vu 759 318.6 Vanuatu Melanesia
86%
fm 717.7 235.2 Federated States of Micronesia Micronesia
86%
ki 21.0 272.0 Kiribati Micronesia
86%
mh 760.6 232.2 Marshall Islands Micronesia
86%
nr 755 264 Nauru Micronesia
86%
pw 680.5 241.3 Palau Micronesia
86%
ws 802.8 307.7 Samoa Polynesia
86%
to 798.1 328.7 Tonga Polynesia
86%
tv 785 295.3 Tuvalu Polynesia
86%
au 683.0 342.0 Australia Australia & New Zealand
71%
nz 776.7 391.9 New Zealand Australia & New Zealand
71%
ao 420.0 301.2 Angola Middle Africa
64%
cf 427.6 239.0 Central African Republic Middle Africa
64%
td 422.6 209.4 Chad Middle Africa
64%
cd 433.0 267.2 Democratic Republic of the Congo Middle Africa
64%
gq 404.0 255.8 Equatorial Guinea Middle Africa
64%
ga 406.5 264 Gabon Middle Africa
64%
cg 416.9 260.5 Republic of the Congo Middle Africa
64%
st 395.5 260.6 São Tomé and Príncipe Middle Africa
64%
No matching quizzes found
Score Distribution
Percent of People with Each Score
Percentile by Number Answered
Your Score History
You have not taken this quiz since the last reset